000 00319nam a22001337a 4500
008 170608b xxu||||| |||| 00| 0 eng d
020 _a0934540209
041 _aeng
080 _a32
100 _a18
101 _aSHP
245 _aHOW COMPARE NATIONS STETEGIES COMPRATIVE POLITICS
_cDOGAN.M
942 _2udc
_cBK
999 _c16481
_d16481